000
00320nam a22001457a 4500
003
SGT
082
_a
370
_b
M14T
100
_a
TRIPATHI, MADHUSUDAN
245
_a
MAHATMA GANDHI KA SHIKSHA DARSHAN
250
_a
2ND
260
_a
NEW DELHI
_b
OMEGA PUB
_c
2014
300
_a
214
650
_a
EDUCATION
942
_2
ddc
_c
BK
_0
3
999
_c
11700
_d
11700